000 00524nam a2200193Ia 4500
005 20250326144947.0
008 250326s9999 xx 000 0 und d
020 _a0-8144-0485-5
037 _aTextbook
040 _aFMSL
_beng
_cFMSL
041 _aeng
_2eng
084 _aX8(A):8 P0
_qFMSL
100 _aPohlman R A
_9750380
245 0 _aValue driven management
_cPohlman R A; Gardiner G S
260 _aNY
_bNY, Amacom
_c2000
300 _ax,230
942 _cTB
_hX8(A):8 P0
999 _c1305807
_d1305807